000
00259nam a2200109Ia 4500
008
200302s9999 xx 000 0 und d
100
_a
Namas Bhojani & Other
245
_a
Bomay
260
_b
Harper Collins Publishers India
260
_c
1996
300
_a
163 P.,
999
_c
1578
_d
1578